Statystyki dla Siatkówka quiz #4 - Drużyny siatkarskie mężczyzn z Mistrzostwem Polski

Kliknij tutaj aby rozwiązać quiz!

Ogólne statystyki

  • Ten quiz został rozwiązany 96 razy
  • Średni wynik to 6 z 22

Statystyki odpowiedzi

MiejsceKlubZłotoSrebroBrązRazem% Poprawnych
2ZAKSA Kędzierzyn-Koźle97117
96%
10Jastrzębski Węgiel34815
91%
5Resovia74718
78%
3Skra Bełchatów92314
78%
7AZS Olsztyn58922
48%
6AZS Częstochowa66416
41%
9Gwardia Wrocław36514
19%
4Legia Warszawa812828
16%
8AZS Warszawa56314
15%
1AZS-AWF Warszawa143219
14%
13Płomień Milowice2215
12%
22Płomień Sosnowiec1--1
8%
16Cracovia1124
7%
19Polonia Warszawa1-12
7%
18Sokół II Lwów1-34
7%
15ŁKS Łódź2--2
5%
17AZS Wilno11-2
3%
14AZS Wrocław21-3
3%
21Społem Warszawa1--1
3%
11Hutnik Nowa Huta26311
2%
20YMCA Łódź1--1
2%
12Morze Bałtyk Szczecin2338
1%

Rozkład punktacji

Percentyl według liczby udzielonych odpowiedzi

Procent ludzi z każdym wynikiem

Twoja historia wyników

Nie rozwiązałeś tego quizu